00756nas a2200229Ia 4500001002700000003001000027008004100037040002500078041001300103100004600116210002600162222002600188245006800214250001100282260000900293501012300302300001600425362002100441500002900462650002400491700001100515A50/R092-2941 [r000000052]IT-MiCISF161014c99999999xx |||||||||||| ||und|| aIT-MiCISFcIT-MiCISF aITALIANO aAssemblea parlamentare Consiglio d'Europa aAggiornamenti sociali aAggiornamenti sociali 0aI diritti dell'embrione umano. Documento del Consiglio d'Europa a1a ed. c1989 bCISF - Centro Internazionale Studi Famiglia - Via Giotto, 36 20145 MILANO (non commercial uses only)cCopyright 2016 app. 397-403 a5, maggio [1989] a Tema: bioetica, diritto aBIOETICAvdocumento aAA.VV.